Responses for show #7722 - Tuesday, March 20, 2018

Contestants

[<< previous game]

John Bizal, a retired high school English teacher from Scottsdale, Arizona

AJ Freeman, a customer solutions advisor from Boise, Idaho

Lisa Mueller, a technical services librarian from Naperville, Illinois (whose 1-day cash winnings total $16,800)

[next game >>]

Jeopardy! Round responses

GEEK CONFUSION
BROTHERHOODS
THE START OF AN "ART"
THE MOST EXCITING PLAY
INSIDE THE PARK
HOME RUN
    $200 23
Sri Lanka

Lisa
    $200 16
a fraternity

AJ
    $200 21
an upstart

AJ
    $200 9
The Iceman Cometh

John
    $200 14
Central Park

AJ
    $200 3
Hank Aaron

Lisa
    $400 24
(Alex: Less than a minute now.)

Star Trek

Triple Stumper
    $400 17
Knights of Columbus

Lisa
    $400 22
a flowchart

Lisa
    $400 10
(John: What is The Barber of Seville?)

Sweeney Todd

LisaJohn
    $400 15
Yosemite

AJ
    $400 5
a grand slam

John
    $600 25
(John: What is Balboa?)

Bilbao

AJJohn
    $600 18
the Shriners

AJ
    $600 1
the Great Fire of London

Lisa
    $2,800 11
(Alex: [*] in London, yes.)

Hyde Park

Lisa
    $600 6
pine tar

Lisa
    $800 26
(AJ: Who is Optimus Prime?)

Megatron

LisaAJ
    $800 19
the Eagles

John
    $800 2
Doubt

AJ
    $800 12
the Everglades

Lisa
    $800 7
(Alex: He's now with the Yankees, of course.)

the Marlins

AJ
    $1000 27
[The end-of-round signal sounds.]

Fodor

John
    $1000 20
Flag Day

John
    $1000 4
Inherit the Wind

Lisa
    $1000 13
Banff

John
    $1000 8
(Jose) Canseco

AJ

Scores at the first commercial break (after clue 15):

Lisa AJ John
$6,400 $3,200 $1,200

Scores at the end of the Jeopardy! Round:

Lisa AJ John
$8,200 $4,000 $3,400

Double Jeopardy! Round responses

MATT DAMON
ELECTORAL COLLEGE SILVER MEDALISTS
THE OBJECT OF MY OBSESSION
BOOKS ABOUT ASIA
COMPOSERS
BODIES OF WATER WORDS
(Alex: Each response contains a body of water in its name.)
    $400 13
Jason Bourne

Lisa
    $400 8
(Lisa: Who is Benjamin Harrison?)

(Grover) Cleveland

LisaJohn
    $400 18
home

AJ
    $400 1
(AJ: What is Tibet?)

North Korea

AJ
Triple Stumper
    $400 27
a bayonet

John
    $800 14
Danny Ocean

John
    $800 9
McGovern

AJ
    $800 19
money

Lisa
    $2,000 2
(Alex: Reading Lolita in [*].)

Tehran

John
    $800 5
Debussy

Lisa
    $800 26
(Alex: There's a pond in [*].)

ponder

Triple Stumper
    $1200 15
Bagger Vance

Lisa
    $1200 10
Quincy Adams

John
    $1200 22
marriage

John
    $1200 3
a geisha

John
    $1200 6
(John: What is write?)

lead the orchestra (or conduct)

AJJohn
    $1200 25
a snowflake

John
    $1600 16
Jimmy Kimmel

John
    $3,000 11
(George) McClellan

John
    $1600 23
(Alex: Less than a minute now.)

alcohol

John
    $1600 4
Krakatoa

Lisa
    $1600 20
(Antonin) Dvorak

Lisa
    $1600 28
a backchannel

John
    $2000 17
Invictus

John
    $2000 12
(John C.) Fremont

John
    $2000 24
saints

Lisa
    $2000 7
(AJ: Who are the Khmer?)
(Alex: Be more specific.)
(AJ: [*]?)

Khmer Rouge

AJ
    $2000 21
(Lisa: Who is Benjamin Britten?)

Elgar

Lisa
Triple Stumper
    $2000 29
[The end-of-round signal sounds.]

straitlaced

Triple Stumper

Scores at the end of the Double Jeopardy! Round:

Lisa AJ John
$14,200 $8,000 $22,400

[wagering suggestions for these scores]

Final Jeopardy! Round responses

ROMAN HISTORY
(Alex: It was a naval battle, obviously.)
...
(Alex: [To Lisa] Where Cleopatra and Mark Antony lost to Augustus.)
AJWhat is Rome?
$7,000
LisaWhat is Battle of Actium?
$2,200
JohnWhat is Salerno?
$6,001
the Battle of Actium

Final scores:

Lisa AJ John
$16,400 $1,000 $16,399
2-day champion: $33,200 3rd place: $1,000 2nd place: $2,000

Game dynamics:

Coryat scores:

Lisa AJ John
$12,000 $8,000 $19,800
18 R
(including 1 DD),
2 W
13 R,
2 W
20 R
(including 2 DDs),
3 W

Combined Coryat: $39,800

The J! Archive is created by fans, for fans. The Jeopardy! game show and all elements thereof, including but not limited to copyright and trademark thereto, are the property of Jeopardy Productions, Inc. and are protected under law. This website is not affiliated with, sponsored by, or operated by Jeopardy Productions, Inc. Join the discussion at JBoard.tv.